| 000 | 00492nam a22001937a 4500 | ||
|---|---|---|---|
| 003 | OSt | ||
| 005 | 20160225154848.0 | ||
| 008 | 160225b xxu||||| |||| 00| 0 eng d | ||
| 010 | _a72003962 | ||
| 020 | _a0136226701 | ||
| 040 | _cN/A | ||
| 050 | _aML196 .L65 1973 | ||
| 100 | _aLONGYEAR REY M | ||
| 245 | _aNINETEENTH CENTURY ROMANTICISM IN MUSIC | ||
| 250 | _a2ND ED. | ||
| 260 |
_aENGLEWOOD CLIFFS,N.J _bPRENTICE HALL _cc1973 |
||
| 300 |
_axiv,289p _bmusic, _c23cm |
||
| 942 |
_2lcc _cBK |
||
| 999 |
_c252627 _d252626 |
||